000
004120000a22001450004500
003
MACL
005
20170618155400.0
008
170618b xxu||||| |||| 00| 0 eng d
040
_c
macl
100
_a
द्विवेदी,कमल
_9
67593
245
_a
सामान्य मनोविज्ञान
350
_a
140
650
_a
मनोविज्ञान
_9
67594
942
_c
HIN
_k
150
_2
ddc
999
_c
10577
_d
10577